000 00910nam a22002177a 4500
005 20220729132912.0
008 220728b200 spaa|||f |||| 00| 0 spa d
020 _a970-9871-08-0
040 _cCHAP
082 _a338.90917247
_bD44
_222
245 _aEl desarrollo territorial en Tlaxcala :
_bdimensiones rurales y opciones de ordenamiento espacial en la región oriente /
_ccoordinado por Javier Delgadillo Macías.
264 1 _aTlaxcala, México :
_bEl Colegio de Tlaxcala :
_bCONACYT :
_bGobierno del Estado de Tlaxcala,
_c2005.
300 _a199 páginas :
_bmapas,cuadros,gráficas.
336 _atexto
_btxt
_2rdacontenido
337 _asinmedio
_bnc
_2rdamedia
338 _avolumen
_bnc
_2rdacarrier
650 7 _988723
_aPlaneación regional
_xTlaxcala
650 7 _932029
_aDesarrollo de la comunidad rural
_xTlaxcala
700 0 _931571
_aDelgadillo Macías, Javier
_ecoordinador.
942 _2ddc
_cLIBRO
999 _c217498
_d217498